| 000 | 00518nam a2200193Ia 4500 | ||
|---|---|---|---|
| 003 | GCL | ||
| 008 | 140319s9999 xx 000 0 eng d | ||
| 040 |
_aGCL / _cGCL |
||
| 082 | 0 | 4 |
_a550.151474 _bT F |
| 100 | 1 | _aTURCOTTE, DONALD L. | |
| 245 | 1 | 0 |
_aFRACTALS AND CHAOS IN GEOLOGY AND GEOPHYSICS / _cTURCOTTE, DONALD L. |
| 260 |
_a[S.N] : _bCOMBRIDGE UNIVERSITY PRESS ، _c1992 |
||
| 300 | _a221 P | ||
| 650 | 0 | 4 | _aFRACTALS |
| 650 | 0 | 4 | _aMATHEMATICS |
| 650 | 0 | 4 | _aGEOLOGY |
| 650 | 0 | 4 | _aGEOPHYSICS |
| 942 |
_2ddc _cBK |
||
| 999 |
_c20788 _d20788 |
||